ბათუმის შოთა რუსთაველის სახელმწიფო უნივერსიტეტის ბიბლიოთეკა

მოთხრობები. ნათელა. ოთხი პატარა ბიძინა და დიდი ქუჩა. იოთამის ფრთები და სხვა (ბიბ.ჩანაწერი № 48121)

000 -LEADER
fixed length control field 00907nam a2200205Ia 4500
001 - CONTROL NUMBER
control field 15002
003 - CONTROL NUMBER IDENTIFIER
control field GE_BSU
008 - FIXED-LENGTH DATA ELEMENTS--GENERAL INFORMATION
fixed length control field 181216s||||||||xx |||||||||||||| ||und||
040 ## - CATALOGING SOURCE
Transcribing agency GE_BSU
080 ## - UNIVERSAL DECIMAL CLASSIFICATION NUMBER
Universal Decimal Classification number 82-93
100 ## - MAIN ENTRY--PERSONAL NAME
Personal name ქიაჩელი,ლეო
245 ## - TITLE STATEMENT
Title მოთხრობები. ნათელა. ოთხი პატარა ბიძინა და დიდი ქუჩა. იოთამის ფრთები და სხვა
245 ## - TITLE STATEMENT
Statement of responsibility, etc. ილ.ნ.იანქოშვილი
260 ## - PUBLICATION, DISTRIBUTION, ETC.
Place of publication, distribution, etc. თბილისი
260 ## - PUBLICATION, DISTRIBUTION, ETC.
Name of publisher, distributor, etc. საბლიტგამი
260 ## - PUBLICATION, DISTRIBUTION, ETC.
Date of publication, distribution, etc. 1959
300 ## - PHYSICAL DESCRIPTION
Extent 344გვ;21სმ.1 ფ.პორტრ.
653 ## - INDEX TERM--UNCONTROLLED
Uncontrolled term მოთხრობები. ნათელა. ოთხი პატარა ბიძინა და დიდი ქუჩა. იოთამის ფრთები და სხვა
942 ## - ADDED ENTRY ELEMENTS (KOHA)
Koha item type წიგნი
ეგზემპლარები
Withdrawn status Lost status Damaged status Not for loan Date acquired Barcode Date last seen Price effective from Koha item type
        2018-12-17 38093 2018-12-17 2018-12-17 წიგნი